ARRUPE JESUIT UNIVERSITY

CORONAVIRUS -STOP THE SPREAD - CLEAN,DISINFECT,COVER

The recollections of Eugene P. Wigner as told to Andrew Szanton. (Record no. 121740)

MARC details
000 -LEADER
fixed length control field 01030cam a2200289 a 4500
001 - CONTROL NUMBER
control field 3922793
003 - CONTROL NUMBER IDENTIFIER
control field ARRUPE
005 - DATE AND TIME OF LATEST TRANSACTION
control field 20150915123623.0
008 - FIXED-LENGTH DATA ELEMENTS--GENERAL INFORMATION
fixed length control field 920506s1992 nyua b 001 0aeng
010 ## - LIBRARY OF CONGRESS CONTROL NUMBER
LC control number 92017040
020 ## - INTERNATIONAL STANDARD BOOK NUMBER
International Standard Book Number 0306443260
040 ## - CATALOGING SOURCE
Original cataloging agency DLC
Transcribing agency DLC
Modifying agency DLC
043 ## - GEOGRAPHIC AREA CODE
Geographic area code n-us---
050 00 - LIBRARY OF CONGRESS CALL NUMBER
Classification number QC16.W55
Item number 1992
082 00 - DEWEY DECIMAL CLASSIFICATION NUMBER
Classification number 530/.092
-- B
Edition number 20
300 ## - PHYSICAL DESCRIPTION
Other physical details ill. ;
Dimensions 22 cm.
100 1# - MAIN ENTRY--PERSONAL NAME
Personal name Wigner, Eugene Paul,
Dates associated with a name 1902-
9 (RLIN) 14150
245 14 - TITLE STATEMENT
Title The recollections of Eugene P. Wigner as told to Andrew Szanton.
260 ## - PUBLICATION, DISTRIBUTION, ETC. (IMPRINT)
Place of publication, distribution, etc New York :
Name of publisher, distributor, etc Basic Books,
Date of publication, distribution, etc c1992.
300 ## - PHYSICAL DESCRIPTION
Extent xxiv, 335 p. :
504 ## - BIBLIOGRAPHY, ETC. NOTE
Bibliography, etc Includes bibliographical references (p. 319-324) and index.
600 10 - SUBJECT ADDED ENTRY--PERSONAL NAME
Personal name Wigner, Eugene Paul,
Dates associated with a name 1902-1995.
9 (RLIN) 14151
650 #0 - SUBJECT ADDED ENTRY--TOPICAL TERM
Topical term or geographic name as entry element Physicists
Geographic subdivision United States
General subdivision Biography.
9 (RLIN) 14152
700 1# - ADDED ENTRY--PERSONAL NAME
Personal name Szanton, Andrew.
9 (RLIN) 14153
906 ## - LOCAL DATA ELEMENT F, LDF (RLIN)
a 7
b cbc
c orignew
d 1
e ocip
f 19
g y-gencatlg
942 ## - ADDED ENTRY ELEMENTS (KOHA)
Source of classification or shelving scheme Library of Congress Classification
Koha item type Monograph ( Printed materials)
Holdings
Withdrawn status Lost status Source of classification or shelving scheme Damaged status Not for loan Collection code Home library Current library Shelving location Date acquired Total Checkouts Full call number Barcode Date last seen Price effective from Koha item type Copy number
    Library of Congress Classification     Main Collection ARRUPE LIBRARY ARRUPE LIBRARY Main Collection 16/01/2015   QC16.W55 1992 46500003189 02/07/2019 16/01/2015 Monograph ( Printed materials)  
    Library of Congress Classification     Main Collection ARRUPE LIBRARY ARRUPE LIBRARY Main Collection 11/09/2015   QC16.W55 1992 46500004233 02/07/2019 11/09/2015 Monograph ( Printed materials) 2

 

Arrupe Library. PO Box MP320 Mt Pleasant, Harare, Zimbabwe
263 242 745411|librarian@aju.ac.zw